Những phương thuốc hay trong dân gian

Nội dung tài liệu giới thiệu những bài thuốc hay trong dân gian như: Những bài thuốc chữa bệnh trẻ em - Những bài thuốc chữa bệnh nam giới - Những bài thuốc chữa bệnh nữ giới - Những bài thuốc chữa bệnh người già....

תיאור מלא

שמור ב:
מידע ביבליוגרפי
פורמט: ספר
שפה:Undetermined
יצא לאור: Hà Nội Thế giới 2006
נושאים:
תגים: הוספת תג
אין תגיות, היה/י הראשונ/ה לתייג את הרשומה!
Thư viện lưu trữ: Trung tâm Học liệu Trường Đại học Cần Thơ
LEADER 00876nam a2200193Ia 4500
001 CTU_123598
008 210402s9999 xx 000 0 und d
020 |c 32000 
082 |a 615.882 
082 |b Ph557 
245 0 |a Những phương thuốc hay trong dân gian 
245 0 |c Trần Tấn Phước (biên soạn) 
260 |a Hà Nội 
260 |b Thế giới 
260 |c 2006 
520 |a Nội dung tài liệu giới thiệu những bài thuốc hay trong dân gian như: Những bài thuốc chữa bệnh trẻ em - Những bài thuốc chữa bệnh nam giới - Những bài thuốc chữa bệnh nữ giới - Những bài thuốc chữa bệnh người già. 
650 |a Folk medicine 
904 |i Hiếu 
980 |a Trung tâm Học liệu Trường Đại học Cần Thơ